000 01055cam a22002054a 4500
005 20250605164103.0
008 250528s ||||||||||||||||||||||||d
035 _a17620
020 _a9781846797781
040 _aGR-AtMCL
_bgre
_dGR-AtMCL
_eAACR2
245 1 _aStars and Stripes / Michigan ECPE: Teacher's Book
250 _a1st
260 _bExpress Publishing,
_c2008
300 _a286
520 _aThis book is intended for Proficiency learners taking the ECPE Michigan Exam. The Course follows the principles of CEF level C2. Progress into the Stars?, Global Dimming, Conserving Forests, Nuclear Power, Growing on You, The Nano Diet, Ghost in the Gene, Organ Donation, Total Recall, The Social Robot, The Peeping Wi-Fi, A New Earth, Talking the Talk, What Killed King Tut?, The Mozart Effect, Native Americans, Doodle Diagnosis, E-Philanthropy, Homeless Aging, American Shopping Malls, One in a Million, Swarm Intelligence, Honeybees' Dance, Landmines.
700 1 _aEvans Virginia
_93804
942 _cBK
999 _c3023
_d3023